000 00555nam a2200193Ia 4500
005 20250326144420.0
008 250326s9999 xx 000 0 und d
037 _aTextbook
040 _aFMSL
_beng
_cFMSL
041 _aeng
_2eng
084 _aX:74 P9
_qFMSL
100 _aIdowu S O
_9749617
245 0 _aGlobal practices of corporate social responsibililty
_cIdowu S O; Filho W L
260 _aGermany
_bGermany, Springer
_c2009
300 _a508p
365 _b9238.1455000000005
942 _cTB
_hX:74 P9
999 _c1303619
_d1303619